• 首页
  • 本馆介绍
  • 公告通知
  • 最新文献
  • 馆藏检索
  • 电子资源
  • 读者导购
  • 参考咨询
  • 我的图书馆
  • 登录
  • 详细信息显示
  • 放入我的书架
  • 预约/预借图书
  • 作者相关作品
  • 分类相关作品
  • 丛书相关作品
  • 出版社相关作品

书目信息

  • 表格格式
  • 工作单格式
  • 卡片格式
题名:
西方马克思主义艺术与美学理论批评
    
 
作者: 姜哲军 , 刘峰 著
分册:  
出版信息: 北京   社会科学文献出版社  2002
页数: 350页
开本: 20cm
丛书名: 太阳岛文论书系
单 册:
中图分类: J0 , B83 , B83-05
科图分类:
主题词: 西方马克思主义--艺术理论 , 西方马克思主义--美学理论 , 美学理论 , 西方马克思主义 , 艺术理论 , 美学
电子资源:
ISBN: 7-80149-826-7
000 01236oam2 2200361 450
001 1231464531
005 20120928084655.28
010    @a7-80149-826-7@dCNY24.00
100    @a20021212d2002----emky0chiy0110----ea
101 0  @achi
102    @aCN@b110000
105    @ay---z---000yy
106    @ar
200 1  @a西方马克思主义艺术与美学理论批评@f姜哲军,刘峰等著@Axi fang ma ke si zhu yi yi shu yu mei xue li lun pi ping
210    @a北京@c社会科学文献出版社@d2002
215    @a350页@d20cm
225 2  @a太阳岛文论书系
314    @a姜哲军(1942~),哈尔滨师范大学中文系教授,文艺学专业硕士研究生导师,著有《文艺学问题论稿》等。
330    @a本书介绍了乔治·卢卡奇、安东尼奥·葛兰西、西奥多·威逊格朗德·阿多诺、赫伯特·马尔库塞等学者对当代文学和理论的深入思索和研究探讨。
461  0 @1001002210368
606 0  @a西方马克思主义@x艺术理论
606 0  @a西方马克思主义@x美学理论
606 0  @a美学理论
606 0  @a西方马克思主义
606 0  @a艺术理论
606 0  @a美学
690    @aJ0@v4
690    @aB83@v4
690    @aB83-05@v4
701  0 @a姜哲军@4著@Ajiang zhe jun
701  0 @a刘峰@4著@Aliu feng
801  0 @aCN@b大连网信软件有限公司图书馆·11@c20120928
905    @a10447@dB83-05@eJY72
    
    西方马克思主义艺术与美学理论批评/姜哲军,刘峰等著.-北京:社会科学文献出版社,2002
    350页;20cm .-(太阳岛文论书系 )
    
    
    ISBN 7-80149-826-7:CNY24.00
    本书介绍了乔治·卢卡奇、安东尼奥·葛兰西、西奥多·威逊格朗德·阿多诺、赫伯特·马尔库塞等学者对当代文学和理论的深入思索和研究探讨。
●
相关链接 在E读中查询图书 在五车中查询图书 在当当中查询图书 在豆瓣中查询图书


正题名:西方马克思主义艺术与美学理论批评     索取号:B83-05/JY72         预约/预借

序号 登录号 条形码 馆藏地/架位号 状态 备注
1 7830084   278300848   学院路分馆/ [索取号:B83-05/JY72] 在馆    
2 7830085   278300857   学院路分馆/ [索取号:B83-05/JY72] 在馆    
唐山师范学院图书馆 欢迎您!
大连网信软件有限公司© 版权所有